Efektívne budovanie interných public relations v organizácii

Strategický význam zamestnancov v organizácii. Otázky pôsobenia a významu PR na internú verejnosť, predovšetkým na zamestnancov. Podniková kultúra. Interná komunikácia. Nástroje interných PR. Firemné publikácie. Intranet.

Guardado en:
Detalles Bibliográficos
Autor principal: Čihovský, Martin
Formato: Capítulo de libro
Lenguaje:eslovaco
Materias:
Etiquetas: Agregar Etiqueta
Sin Etiquetas, Sea el primero en etiquetar este registro!

MARC

LEADER 00000naa$a2200000$$$4500
001 0051568
005 20231005085232.6
041 0 |a slo 
044 |a SK 
245 1 0 |a Efektívne budovanie interných public relations v organizácii  |c Martin Čihovský 
520 |a Strategický význam zamestnancov v organizácii. Otázky pôsobenia a významu PR na internú verejnosť, predovšetkým na zamestnancov. Podniková kultúra. Interná komunikácia. Nástroje interných PR. Firemné publikácie. Intranet. 
610 2 0 |a práca s verejnosťou 
610 2 0 |a práca s ľuďmi 
610 2 0 |a zamestnanci 
610 2 0 |a komunikácia interná 
610 2 0 |a kultúra podniková 
610 2 0 |a prostredie podnikateľské 
100 1 |a Čihovský, Martin